Evaluación inicial de riesgos por puestos de trabajo en las áreas de administración y docencia de la Universidad De Las Américas ULAM, ubicada en Managua
El estudio presenta un diagnóstico inicial que contemple una evaluación de riesgos laborales de la Universidad De Las Américas (ULAM), y su correspondiente plan de prevención en materia de higiene y seguridad por puesto de trabajo saludable con el único fin de fortalecer la seguridad del trabaj...
| Main Authors: | , |
|---|---|
| Other Authors: | |
| Format: | Tesis Section = Libro |
| Language: | Undetermined Spanish |
| Published: |
Managua
UNI
2023
|
| Subjects: |
| LEADER | 01299nam a2200265Ia 4500 | ||
|---|---|---|---|
| 008 | 240830s9999 xx 000 0 und d | ||
| 040 | |a BIBLIOTECA-RUPAP/ Mon 363.11 L 431 | ||
| 041 | |a spa | ||
| 082 | |a Mon 363.11 L 431 | ||
| 100 | 1 | |a Lazo Martínez, Joel Armando | |
| 100 | 1 | |b Solórzano Murillo, Reynaldo Antonio, | |
| 245 | 1 | 0 | |a Evaluación inicial de riesgos por puestos de trabajo en las áreas de administración y docencia de la Universidad De Las Américas ULAM, ubicada en Managua |
| 260 | |a Managua |b UNI |c 2023 | ||
| 300 | |a 151 p. :il. | ||
| 500 | |a Contiene: anexos y CD. | ||
| 502 | |a Tesis (Ingeniero Industrial) - UNI, 2023. | ||
| 520 | 3 | |a El estudio presenta un diagnóstico inicial que contemple una evaluación de riesgos laborales de la Universidad De Las Américas (ULAM), y su correspondiente plan de prevención en materia de higiene y seguridad por puesto de trabajo saludable con el único fin de fortalecer la seguridad del trabajador, previendo daños a la salud y mejorando así condiciones de trabajo. | |
| 650 | 7 | |a EVALUACION DE RIESGOS | |
| 650 | 7 | |b SEGURIDAD INDUSTRIAL | |
| 650 | 7 | |c SEGURIDAD OCUPACIONAL | |
| 650 | 7 | |d ACCIDENTES LABORAES | |
| 700 | 1 | |a Tutor: |b Silvestri Jirón, Pietro Marcelo | |
| 942 | |c BK |2 ddc | ||
| 991 | |a Tesis | ||
| 999 | |c 27575 | ||